|
|
|
|
| LEADER |
01837cas a2200241 a 4500 |
| 001 |
AALejournalIMF010035 |
| 008 |
230101c9999 xx r poo 0 0eng d |
| 020 |
|
|
|c 5.00 USD
|
| 020 |
|
|
|z 9781451959642
|
| 022 |
|
|
|a 1018-5941
|
| 040 |
|
|
|a BD-DhAAL
|c BD-DhAAL
|
| 110 |
2 |
|
|a International Monetary Fund.
|
| 245 |
1 |
0 |
|a Economic Interdependence and the International Implications of Supply-Side Policies.
|
| 264 |
|
1 |
|a Washington, D.C. :
|b International Monetary Fund,
|c 1988.
|
| 300 |
|
|
|a 1 online resource (28 pages)
|
| 490 |
1 |
|
|a IMF Working Papers
|
| 500 |
|
|
|a <strong>Off-Campus Access:</strong> No User ID or Password Required
|
| 500 |
|
|
|a <strong>On-Campus Access:</strong> No User ID or Password Required
|
| 506 |
|
|
|a Electronic access restricted to authorized BRAC University faculty, staff and students
|
| 520 |
3 |
|
|a This paper analyzes the implications of growing international economic integration for the conduct of structural policy. Section I points out that the internationalization of financial intermediation has raised the welfare costs associated with domestic distortions. The growing importance of structural policies in affecting domestic demand in a more integrated world economy is discussed in Section II. It is shown that domestic distortions reduce the effect of expansionary policy on the domestic economy. Section III examines the international transmission of unilateral structural policies. Section IV discusses the need for the international coordination of structural policies. Section V identifies structural areas in which international policy coordination is most urgent.
|
| 538 |
|
|
|a Mode of access: Internet
|
| 830 |
|
0 |
|a IMF Working Papers; Working Paper ;
|v No. 1988/071
|
| 856 |
4 |
0 |
|z Full text available on IMF
|u http://elibrary.imf.org/view/journals/001/1988/071/001.1988.issue-071-en.xml
|z IMF e-Library
|